000 00554nam a22001931a 4500
001 18018
003 OSt
005 20260204212345.0
008 170217s2014||||ck ||||||b||||||||||spa||
020 _a9789587710533
082 _a512.007 C279a
100 _aCastro Puche, Róbinson
245 _aÁlgebra desde una perspectiva didáctica / Róbinson Castro Puche, Rubby Castro Puche.
264 _aBogotá : Ecoe
300 _a209 p.
490 _a(Ciencias exactas. Matemáticas)
650 _a1. ÁLGEBRA - ENSEÑANZA SUPERIORÌ
942 _2ddc
_cBK
999 _c18018
_d18018